LEADER 01511nam0 2200373 i 450 001 SUN0123958 005 20200409124710.533 010 $d0.00 017 70$2N$a9789811029578 100 $a20191004d2017 |0engc50 ba 101 $aeng 102 $aSG 105 $a|||| ||||| 200 1 $a*Photofunctional Rare Earth Hybrid Materials$fBing Yan 205 $aSingapore : Springer, 2017 210 $aXI$d261 p.$cill. ; 24 cm 215 $aPubblicazione in formato elettronico 410 1$1001SUN0023990$12001 $a*Springer series in materials science$v251$1210 $aBerlin$cSpringer$d1986-. 620 $aSG$dSingapore$3SUNL000061 676 $a621.366$cFisica applicata. Laser spettroscopia$v22 676 $a621.36$cIngegneria ottica. Ottica applicata$v22 676 $a546$cChimica inorganica$v22 676 $a535.2$cOttica fisica$v22 676 $a620.1$cScienza dei materiali$v22 676 $a621.365$cFotonica$v22 676 $a541.2$cChimica teorica$v22 700 1$aYan$b, Bing$3SUNV095105$0366894 712 $aSpringer$3SUNV000178$4650 801 $aIT$bSOL$c20200921$gRICA 856 4 $uhttps://link.springer.com/book/10.1007%2F978-981-10-2957-8#toc 912 $aSUN0123958 950 $aUFFICIO DI BIBLIOTECA DEL DIPARTIMENTO DI SCIENZE E TECNOLOGIE AMBIENTALI BIOLOGICHE E FARMACEUTICHE$d17CONS e-book 2111 $e17BIB2111 232 20191004 996 $aPhotofunctional Rare Earth Hybrid Materials$91562397 997 $aUNICAMPANIA LEADER 00998nam 2200313 450 001 996575391803316 005 20231209095959.0 010 $a1-5044-5977-6 035 $a(CKB)4100000009039542 035 $a(NjHacI)994100000009039542 035 $a(EXLCZ)994100000009039542 100 $a20231209d2019 uy 0 101 0 $aeng 135 $aur||||||||||| 181 $ctxt$2rdacontent 182 $cc$2rdamedia 183 $acr$2rdacarrier 200 10$a1647-2019 - IEEE Standard for the Functional Verification Language e /$fInstitute of Electrical and Electronics Engineers 210 1$a[Place of publication not identified] :$cIEEE,$d2019. 215 $a1 online resource (46 pages) 606 $aDynamic programming 615 0$aDynamic programming. 676 $a519.703 801 0$bNjHacI 801 1$bNjHacl 906 $aDOCUMENT 912 $a996575391803316 996 $a1647-2019 - IEEE Standard for the Functional Verification Language e$92582806 997 $aUNISA